000 01430nam a2200409 a 4500
001 21953
003 VRT
005 20260316113846.0
008 060330s2006 xo a b 000 1 slo d
020 _a8089210821 (viaz.)
035 _aUKB000368894
039 9 _a202505060903
_bizakovicm
_c202001291751
_dAUTHORITY
_c200608171131
_dmuro
_c200608161307
_dmuro
040 _aBA001
_bslo
_cBA001
_eAACR2
041 1 _aslo
_heng
044 _axo
_cSK
072 7 _a821.111-3
_xAnglická próza, anglicky písaná
_2konspekt
072 7 _a821-93
_xLiteratúra pre deti a mládež (beletria)
_2konspekt
080 _a821-93
_21997
080 _a821.111-34
_21997
080 _a(0:82-34)
_21997
080 _a(081)
_21997
080 _a(084.1)
_21997
100 1 _aDakin, Glenn
245 0 0 _aWallace & Gromit. Prekliatie králikolaka
_b[sprievodca k rovnomennému filmu]
_cnapísal Glenn Dakin ; [z anglického originálu preložila Miriam Ghaniová]
250 _a1. vyd
260 _aBratislava
_bFragment
_c2006
300 _a44, [1] s
500 _aFrontsp. Obr. publ
655 7 _aanglické rozprávky
_2UKBPH
655 7 _apublikácie pre deti
_2UKBPH
700 1 _aGhaniová, Miriam
_4trl
765 0 _tWallace & Gromit. Curse of the were-rabbit
_aDakin, Glenn
910 _aukb
942 _2ddc
_cKLDE
_n0
949 _61800304835
_aSL.B.28161
_bPV.3207-2006
949 _61800304836
_aSK.B.13482
_bPV.3208-2006
_s6707:20060904
999 _c21953
_d21953